Government in the United States / (Record no. 12083)
[ view plain ]
| 000 -LEADER | |
|---|---|
| fixed length control field | 00720cam a2200229Ia 4500 |
| 020 ## - INTERNATIONAL STANDARD BOOK NUMBER | |
| ISBN | 0021511403 (text) |
| 020 ## - INTERNATIONAL STANDARD BOOK NUMBER | |
| ISBN | 9780021511402 (text) |
| 020 ## - INTERNATIONAL STANDARD BOOK NUMBER | |
| ISBN | 0021511500 (TAE) |
| 020 ## - INTERNATIONAL STANDARD BOOK NUMBER | |
| ISBN | 9780021511501 (TAE) |
| 020 ## - INTERNATIONAL STANDARD BOOK NUMBER | |
| ISBN | 0021510903 (transparencies) |
| 020 ## - INTERNATIONAL STANDARD BOOK NUMBER | |
| ISBN | 9780021510900 (transparencies) |
| 040 ## - CATALOGING SOURCE | |
| Transcribing agency | IOC |
| 082 ## - DEWEY DECIMAL CLASSIFICATION NUMBER | |
| Classification number | 320 COL 1987 A017 Or. |
| 100 1# - MAIN ENTRY--AUTHOR NAME | |
| Personal name | Remy, Richard C. |
| 245 10 - TITLE STATEMENT | |
| Title | Government in the United States / |
| 260 ## - PUBLICATION, DISTRIBUTION, ETC. (IMPRINT) | |
| Place of publication | New York : |
| Name of publisher | Scribner Educational : |
| -- | Macmillan Pub. Co. ; |
| Place of publication | London : |
| Name of publisher | Collier Macmillan, |
| Year of publication | c1987. |
| 300 ## - PHYSICAL DESCRIPTION | |
| Number of Pages | xiv, 808 p., R-42 : |
| Other physical details | ill. (some col.) ; |
| Dimensions | 26 cm. |
| 500 ## - GENERAL NOTE | |
| General note | Includes index. |
| 700 1# - ADDED ENTRY--PERSONAL NAME | |
| Personal name | Elowitz, Larry. |
| 700 1# - ADDED ENTRY--PERSONAL NAME | |
| Personal name | Berlin, William S. |
| 942 ## - ADDED ENTRY ELEMENTS (KOHA) | |
| Koha item type | សៀវភៅភាសាអង់គ្លេស |
| 952 ## - LOCATION AND ITEM INFORMATION (KOHA) | |
| Withdrawn status [LOCAL, KOHA] | 0 |
| Permanent Location | Date acquired | Koha item type | Lost status | Shelving location | Barcode | Current Location | Full call number |
|---|---|---|---|---|---|---|---|
| Library Block A | 2017-08-09 | សៀវភៅភាសាអង់គ្លេស | A017 | A17227 | Library Block A | 320 COL 1987 A017 Or. |